000 00314nam a2200133Ia 4500
008 191201s2013 xx 000 0 und d
100 _aPUNMIA, BC
245 0 _aStrength of Materials
250 _a10th
260 _aN. Delhi
_bLaxmi Publications
_c2013
300 _a805
650 _aB.Tech(CE)
942 _2ddc
_cBK
999 _c5822
_d5822